| 000 | 00645nam a22002057a 4500 | ||
|---|---|---|---|
| 005 | 20210414104640.0 | ||
| 008 | 210307s1960 ||||| |||| 00| 0 eng d | ||
| 040 |
_aeng _cDLC |
||
| 041 |
_aeng _hrus |
||
| 080 |
_a821.111 _bC-51 |
||
| 100 |
_91291 _aChekhov, Anton |
||
| 245 |
_aSelected Stories _c/ by: A Signet Classic, The New American Library |
||
| 260 |
_aNew York _bA Signet Classic, The New American Library _c1960 |
||
| 300 | _a287 p. | ||
| 365 | _b0.5 usd | ||
| 650 | 0 |
_9247 _aEnglish literature |
|
| 653 | _aინგლისური ლიტერატურა | ||
| 700 |
_91292 _aDunnigan, Ann _eTranslator |
||
| 942 |
_2udc _cBK |
||
| 999 |
_c2027 _d2027 |
||